000 01063cam a2200205 4500
001 WB@3612-258
008 041028n2004 000 0 eng u
035 _a(Sirsi) u127861
245 _aManufacturing recovery sluggish
260 _c2004
490 _aCBI News Release
_v26 October 2004 (4)
520 _aThe latest CBI "Industrial trends survey" has been published. It reports that 31% of manufacturers reported higher orders in the last quarter and 27% reported a fall. The balance of +4% compares to +2% the previous quarter. Output increased for the fourth successive quarter, but growth was at the slowest rate this year. Production is expected to hold up in the next three months, with an expected balance of +14%. But new orders are expected to grow at a much slower pace of +3% during the period. For further details see the website. http://www.cbi.org.uk/home.html
590 _aWB
590 _aWB
650 _aMANUFACTURING OUTPUT
650 _aEXPORT ORDERS
650 _aINDUSTRIAL TRENDS
690 _aECONOMIC ISSUES
942 _n0
999 _c118247
_d118247